Retroactividad e irretroactividad de las leyes penales

সংরক্ষণ করুন:
গ্রন্থ-পঞ্জীর বিবরন
প্রধান লেখক: Oliver Calderón, Guillermo Ramiro (autor)
বিন্যাস: গ্রন্থ
ভাষা:স্প্যানিশ
প্রকাশিত: Santiago Júridica de Chile 2007
সংস্করন:1a. ed
মালা:Colección de Ciencias Penales
বিষয়গুলি:
ট্যাগগুলো: ট্যাগ যুক্ত করুন
কোনো ট্যাগ নেই, প্রথমজন হিসাবে ট্যাগ করুন!

MARC

LEADER 00000nam a2200000 a 4500
001 UCI5267
003 CL-VaPUC
008 080320e20070000CL |||||||||||||||||spa|d
020 |a 9789561018273 
082 0 4 |a 345  |b OLI  |2 21 
100 |a Oliver Calderón, Guillermo Ramiro  |e autor  |9 820604 
245 1 0 |a Retroactividad e irretroactividad de las leyes penales 
250 |a 1a. ed 
300 |a 543 p 
942 |c BK 
945 |d 20080320 00:00:00  |a rbrito 
260 |a Santiago  |b Júridica de Chile  |c 2007 
650 7 |a DERECHO PENAL  |2 CL-VaPUC  |9 11 
650 7 |a RETROACTIVIDAD  |2 CL-VaPUC  |9 527485 
650 7 |a IRRETROACTIVIDAD  |2 CL-VaPUC  |9 460275 
650 0 |a Derecho procesal penal  |9 255496 
650 0 |a Jurisprudencia  |9 255952 
583 |a last modification  |c 20080320 00:00:00  |k Rodrigo Vera 
490 0 |a Colección de Ciencias Penales 
999 |c 329022  |d 329020 
952 |0 0  |1 0  |4 0  |6 345_000000000000000_OLI_2007  |7 0  |8 A  |9 413295  |a BIBDER  |b BIBDER  |d 2019-11-22  |i 4415566  |l 18  |o 345 OLI 2007  |p 4415566  |r 2025-04-21  |s 2025-04-21  |w 2019-11-22  |y BK  |k DER 
952 |0 0  |1 0  |2 ddc  |4 0  |6 345_000000000000000_OLI_2007  |7 1  |8 C_LRYV  |9 413296  |a BIBDER  |b BIBDER  |d 2019-11-22  |i 4430905  |l 1  |o 345 OLI 2007  |p 4430905  |r 2023-01-25  |s 2022-09-29  |w 2019-11-22  |y BK_X  |k BRV